Statistical physics for students of science and engineering

Αποθηκεύτηκε σε:
Λεπτομέρειες βιβλιογραφικής εγγραφής
Κύριος συγγραφέας: Reed, Robert D., 1936-
Άλλοι συγγραφείς: Roy, R. R. (Radha Raman), 1921-
Μορφή: Βιβλίο
Γλώσσα:English
Δημοσίευση: New York : Dover, 1995.
Θέματα:
Ετικέτες: Προσθήκη ετικέτας
Δεν υπάρχουν, Καταχωρήστε ετικέτα πρώτοι!

MARC

LEADER 00000cam a2200000 i 4500
001 1/1609
008 000417s1995 nyu| ||| |||| ||eng||
020 |a 0486685683 
035 |l 10060083 
040 |a GR-MyUa  |b gre  |e AACR2 
041 0 |a eng 
082 7 |a 530.13   |2 (22) 
100 1 |a Reed, Robert D.,   |d 1936- 
245 1 0 |a Statistical physics for students of science and engineering /   |c Robert D. Reed, R.R. Roy. 
260 |a New York :   |b Dover,   |c 1995. 
300 |a xi, 320 σ. ;   |c 24 εκ. 
500 |a Περιλαμβάνει ευρετήριο. 
650 0 0 |a Statistical physics. 
700 1 |a Roy, R. R.   |q (Radha Raman),   |d 1921- 
852 |a INST  |b SAMOS  |e 20000417  |h 530.13 REE  |p 005300017437  |q 005300017437  |t BK  |y 0 
901 |a BIBL3-2000-2 
922 |a 3ΕΛΗ  |b 200003  |c ΚΠΣ  |d ΠΑΠΑΣΩΤΗΡΙΟΥ 
950 |a 116-2000-01-12 
970 |a ΓΕΝΟΥΖΟΥ  |b ΧΡΥΣΑΝΘΗ  |z 2000/05/15